Statistics for Top Five European Countries by Category #1

Click here to take the quiz!

General Stats

  • This quiz has been taken 26,048 times
  • The average score is 18 of 21

Answer Stats

HintAnswer% Correct
Biggest Area (1), Biggest Population (1), Biggest Economy (2), Most Elevated (1), Driest (2)Russia
99%
Biggest Population (4), Biggest Economy (4), Wettest (5)United Kingdom
99%
Biggest Area (3), Biggest Population (3), Biggest Economy (3), Most Elevated (=2)France
98%
Biggest Population (2), Biggest Economy (1)Germany
98%
Smallest Area (1), Most Densely Populated (2)Vatican City
97%
Biggest Area (4)Spain
96%
Biggest Population (5), Biggest Economy (5), Most Elevated (=2)Italy
95%
Biggest Area (5)Sweden
94%
Smallest Area (2), Most Densely Populated (1)Monaco
93%
Biggest Area (2), Driest (5)Ukraine
93%
Smallest Area (3), Most Densely Populated (4)San Marino
92%
Smallest Area (4)Liechtenstein
91%
Wettest (4)Norway
90%
Most Elevated (4), Wettest (2)Switzerland
87%
Driest (3)Finland
86%
Most Elevated (5)Austria
83%
Smallest Area (5), Most Densely Populated (3), Driest (4)Malta
83%
Wettest (1)Iceland
76%
Most Densely Populated (5)Netherlands
76%
Driest (1)Moldova
55%
Wettest (3)Albania
51%

Score Distribution

Percentile by Number Answered

Percent of People with Each Score

Your Score History

You have not taken this quiz